[Event "III. Sarkany-Aranytiz IM"]
[Site "Budapest"]
[Date "2012.08.18"]
[Round "1"]
[White "Radnai, Adam"]
[Black "Kojima, Shinya"]
[Result "0-1"]
[WhiteElo "2300"]
[BlackElo "2282"]
[PlyCount "44"]
[EventDate "2012.08.18"]
[EventType "tourn"]
[EventRounds "9"]
[EventCountry "HUN"]
[EventCategory "3"]

1. Nf3 Nf6 2. c4 e6 3. b3 b6 4. e3 Bb7 5. Bb2 d5 6. Be2 Bd6 7. O-O O-O 8. Nc3
c5 9. cxd5 exd5 10. d4 Nbd7 11. Qc2 Rc8 12. Rac1 Qe7 13. Rfd1 Rfe8 14. dxc5
bxc5 15. Nh4 g6 16. Bb5 d4 17. exd4 cxd4 18. Rxd4 Bxh2+ 19. Kf1 Be5 20. Ra4
Bxc3 21. Bxc3 Ne4 22. Bxd7 Rxc3 0-1

[Event "III. Sarkany-Aranytiz IM"]
[Site "Budapest"]
[Date "2012.08.18"]
[Round "1"]
[White "Brustkern, Juergen"]
[Black "Feher, Adam"]
[Result "1/2-1/2"]
[WhiteElo "2235"]
[BlackElo "2346"]
[PlyCount "63"]
[EventDate "2012.08.18"]
[EventType "tourn"]
[EventRounds "9"]
[EventCountry "HUN"]
[EventCategory "3"]

1. d4 Nf6 2. c4 e6 3. Nf3 b6 4. Nc3 Bb7 5. e3 Bb4 6. Bd3 O-O 7. O-O c5 8. a3
Bxc3 9. bxc3 Be4 10. d5 Re8 11. Bxe4 Nxe4 12. Qd3 exd5 13. cxd5 Qf6 14. Bb2 d6
15. Qb5 Qe7 16. c4 Nd7 17. Qa4 a6 18. Rab1 Reb8 19. g3 b5 20. Qc2 bxc4 21. Qxc4
Nef6 22. Nd2 Ne5 23. Bxe5 Qxe5 24. e4 h6 25. Qc2 Rxb1 26. Rxb1 Re8 27. Rb6 a5
28. Kg2 Nxe4 29. Nxe4 Qxe4+ 30. Qxe4 Rxe4 31. Rxd6 Rd4 32. Rd8+ 1/2-1/2

[Event "III. Sarkany-Aranytiz IM"]
[Site "Budapest"]
[Date "2012.08.18"]
[Round "1"]
[White "Galyas, Miklos"]
[Black "Szekeres, Robert"]
[Result "1-0"]
[WhiteElo "2412"]
[BlackElo "2337"]
[PlyCount "48"]
[EventDate "2012.08.18"]
[EventType "tourn"]
[EventRounds "9"]
[EventCountry "HUN"]
[EventCategory "3"]

1. d4 Nf6 2. c4 e6 3. Nc3 d5 4. cxd5 exd5 5. Bg5 c6 6. Qc2 Be7 7. e3 Nbd7 8.
Bd3 O-O 9. Nge2 Re8 10. O-O Nf8 11. f3 Nh5 12. Bxe7 Qxe7 13. e4 dxe4 14. fxe4
Qg5 15. e5 Bg4 16. Ne4 Qe3+ 17. Rf2 Ne6 18. Nd6 Rf8 19. Bxh7+ Kh8 20. Qe4 Qg5
21. h4 Qh6 22. Qxg4 Kxh7 23. Nxf7 Rxf7 24. Rxf7 Qe3+ 1-0

[Event "III. Sarkany-Aranytiz IM"]
[Site "Budapest"]
[Date "2012.08.18"]
[Round "1"]
[White "Roos, Jean Luc"]
[Black "Lyell, Mark"]
[Result "0-1"]
[WhiteElo "2270"]
[BlackElo "2225"]
[PlyCount "136"]
[EventDate "2012.08.18"]
[EventType "tourn"]
[EventRounds "9"]
[EventCountry "HUN"]
[EventCategory "3"]

1. e4 e5 2. Nf3 Nc6 3. Bc4 Nf6 4. d3 Be7 5. O-O O-O 6. Re1 d6 7. c3 a6 8. Bb3
Be6 9. Nbd2 Qd7 10. d4 Bxb3 11. Nxb3 Qg4 12. h3 Qh5 13. d5 Nd8 14. Nbd2 Nd7 15.
Nf1 f6 16. Ng3 Qe8 17. c4 g6 18. Bh6 Rf7 19. Qd2 Bf8 20. b4 a5 21. a3 Bxh6 22.
Qxh6 Rf8 23. h4 b6 24. Qd2 Nb7 25. h5 Qf7 26. Nh4 Rfe8 27. hxg6 hxg6 28. Ngf5
gxf5 29. Nxf5 Kh8 30. Re3 Nf8 31. Rg3 Nh7 32. Rg7 Qxg7 33. Nxg7 Kxg7 34. Re1
axb4 35. axb4 Ng5 36. Qd1 Re7 37. Qg4 Nd8 38. g3 Kf8 39. Qf5 Kg7 40. Qg4 Kf8
41. Kg2 Ndf7 42. Qd1 Ree8 43. Qc2 Ra3 44. c5 Nf3 45. Rc1 Kg7 46. cxb6 cxb6 47.
Rh1 Rh8 48. Qc1 Rd3 49. Rxh8 Kxh8 50. Kh3 Kg7 51. Kg4 N3g5 52. Qc7 b5 53. Qa7
Nxe4 54. Kf5 Neg5 55. f4 exf4 56. gxf4 Rxd5+ 57. Kg4 Ne4 58. Qb7 f5+ 59. Kh4
Nf6 60. Qa7 Rd1 61. Qb7 Rg1 62. Qxb5 Rg4+ 63. Kh3 Rxf4 64. Qa5 Kg6 65. b5 Rg4
66. b6 Ng5+ 67. Kh2 Nf3+ 68. Kh3 Nh7 0-1

[Event "III. Sarkany-Aranytiz IM"]
[Site "Budapest"]
[Date "2012.08.19"]
[Round "2"]
[White "Teglas, Balazs"]
[Black "Lyell, Mark"]
[Result "0-1"]
[WhiteElo "2247"]
[BlackElo "2225"]
[PlyCount "106"]
[EventDate "2012.08.18"]
[EventType "tourn"]
[EventRounds "9"]
[EventCountry "HUN"]
[EventCategory "3"]

1. d4 Nf6 2. Bf4 d5 3. e3 Bg4 4. f3 Bd7 5. Bd3 c5 6. c3 Nc6 7. Nd2 e6 8. Nh3
Be7 9. Bg3 O-O 10. O-O Qb6 11. Qb3 Qxb3 12. axb3 a6 13. Rfe1 Rfe8 14. Kh1 Rac8
15. f4 Ng4 16. Ng1 Nh6 17. Ngf3 Nf5 18. Bf2 h5 19. h3 Bd6 20. Ne5 Nxe5 21. fxe5
Be7 22. Nf3 Bc6 23. Kh2 g6 24. g4 hxg4 25. hxg4 Nh6 26. Kg3 Kg7 27. dxc5 Bxc5
28. Nd4 Ba7 29. Kf3 Bb8 30. Bg3 Ng8 31. b4 Ne7 32. Rh1 Rh8 33. Bh4 Ng8 34. Nxc6
Rxc6 35. Bf6+ Nxf6 36. exf6+ Kg8 37. Rxh8+ Kxh8 38. b5 Rb6 39. b4 e5 40. e4
Rxf6+ 41. Kg3 Kg7 42. bxa6 dxe4 43. Be2 bxa6 44. Rxa6 e3 45. Rxf6 e4+ 46. Kg2
Kxf6 47. c4 Ke5 48. c5 f5 49. gxf5 gxf5 50. Kf1 Kd4 51. Ba6 f4 52. Ke2 f3+ 53.
Kd1 Kc3 0-1

[Event "III. Sarkany-Aranytiz IM"]
[Site "Budapest"]
[Date "2012.08.19"]
[Round "2"]
[White "Szekeres, Robert"]
[Black "Roos, Jean Luc"]
[Result "1-0"]
[WhiteElo "2337"]
[BlackElo "2270"]
[PlyCount "69"]
[EventDate "2012.08.18"]
[EventType "tourn"]
[EventRounds "9"]
[EventCountry "HUN"]
[EventCategory "3"]

1. c4 e5 2. Nc3 Nf6 3. Nf3 Nc6 4. d4 exd4 5. Nxd4 Bb4 6. f3 O-O 7. e4 Qe7 8.
Be2 Nxd4 9. Qxd4 Bc5 10. Qd3 c6 11. Bg5 h6 12. Bh4 Qe6 13. O-O-O a6 14. f4 d6
15. f5 Qe7 16. g4 b5 17. Kb1 bxc4 18. Qf3 Rb8 19. g5 hxg5 20. Bxg5 Bb4 21. Ka1
Bxc3 22. Qxc3 Nxe4 23. Bxe7 Nxc3 24. bxc3 Re8 25. f6 d5 26. Rhg1 g6 27. Bg4 Rb7
28. Rb1 Rxb1+ 29. Kxb1 Kh7 30. Bxc8 Rxc8 31. Rg5 Rh8 32. Re5 Re8 33. Kc2 Kh6
34. h4 Rg8 35. Bc5 1-0

[Event "III. Sarkany-Aranytiz IM"]
[Site "Budapest"]
[Date "2012.08.19"]
[Round "2"]
[White "Feher, Adam"]
[Black "Galyas, Miklos"]
[Result "1/2-1/2"]
[WhiteElo "2346"]
[BlackElo "2412"]
[PlyCount "28"]
[EventDate "2012.08.18"]
[EventType "tourn"]
[EventRounds "9"]
[EventCountry "HUN"]
[EventCategory "3"]

1. e4 e6 2. d4 d5 3. Nc3 Nf6 4. e5 Nfd7 5. f4 c5 6. Nf3 Nc6 7. Be3 a6 8. Qd2 b5
9. a3 Qb6 10. Be2 Bb7 11. O-O cxd4 12. Nxd4 Bc5 13. Rad1 Rc8 14. Kh1 Nxd4
1/2-1/2

[Event "III. Sarkany-Aranytiz IM"]
[Site "Budapest"]
[Date "2012.08.19"]
[Round "2"]
[White "Berczes, Csaba"]
[Black "Radnai, Adam"]
[Result "1-0"]
[WhiteElo "2378"]
[BlackElo "2300"]
[PlyCount "79"]
[EventDate "2012.08.18"]
[EventType "tourn"]
[EventRounds "9"]
[EventCountry "HUN"]
[EventCategory "3"]

1. Nf3 Nf6 2. g3 d5 3. Bg2 c6 4. O-O Bf5 5. d3 h6 6. Nfd2 e6 7. e4 Bh7 8. Qe2
Be7 9. Nc3 d4 10. Nd1 c5 11. f4 Nc6 12. Nf2 Qc7 13. a4 Nd7 14. e5 O-O 15. Nc4
Nb6 16. b3 Rae8 17. Ne4 Nxc4 18. bxc4 Nb8 19. Bd2 Nd7 20. Rfb1 b6 21. a5 Rb8
22. Rb2 Rfc8 23. Be1 Kh8 24. Nd2 Bg8 25. Nb1 f6 26. axb6 axb6 27. Na3 Qd8 28.
Nb5 fxe5 29. fxe5 Qf8 30. Ra7 Qe8 31. Bd2 Rd8 32. Rb1 Bf8 33. Rf1 g5 34. Nd6
Qe7 35. Bc6 Bg7 36. Qh5 Nf6 37. exf6 Qxa7 38. fxg7+ Kxg7 39. Ne8+ Rxe8 40. Bxe8
1-0

[Event "III. Sarkany-Aranytiz IM"]
[Site "Budapest"]
[Date "2012.08.20"]
[Round "3"]
[White "Radnai, Adam"]
[Black "Teglas, Balazs"]
[Result "0-1"]
[WhiteElo "2300"]
[BlackElo "2247"]
[PlyCount "96"]
[EventDate "2012.08.18"]
[EventType "tourn"]
[EventRounds "9"]
[EventCountry "HUN"]
[EventCategory "3"]

1. Nf3 Nf6 2. b3 d5 3. Bb2 Bf5 4. e3 e6 5. Be2 h6 6. c4 c6 7. O-O Nbd7 8. d4
Bd6 9. Nbd2 O-O 10. Ne5 Bh7 11. Bd3 Nxe5 12. Bxh7+ Nxh7 13. dxe5 Bb4 14. cxd5
cxd5 15. a3 Be7 16. Rc1 Qd7 17. e4 Rfc8 18. Nc4 b5 19. Ne3 Rxc1 20. Bxc1 d4 21.
Qd3 Rd8 22. Nc2 Qc7 23. f4 Qc3 24. Qxc3 dxc3 25. Kf2 f6 26. exf6 Nxf6 27. Kf3
a5 28. Be3 Kf7 29. Bd4 Nd7 30. Ke3 Nc5 31. Rb1 e5 32. fxe5 Ne6 33. Rf1+ Kg6 34.
Bxc3 Rc8 35. Kd2 Bg5+ 36. Kd3 Nc5+ 37. Kd4 Nxb3+ 38. Kd3 Nc5+ 39. Kd4 Ne6+ 40.
Kd3 Nf4+ 41. Rxf4 Bxf4 42. g3 Rd8+ 43. Ke2 Rc8 44. Kd3 Bc1 45. Bxa5 Bb2 46. Nd4
Ra8 47. Nb3 Bxe5 48. Bb4 Bb2 0-1

[Event "III. Sarkany-Aranytiz IM"]
[Site "Budapest"]
[Date "2012.08.20"]
[Round "3"]
[White "Brustkern, Juergen"]
[Black "Berczes, Csaba"]
[Result "0-1"]
[WhiteElo "2235"]
[BlackElo "2378"]
[PlyCount "88"]
[EventDate "2012.08.18"]
[EventType "tourn"]
[EventRounds "9"]
[EventCountry "HUN"]
[EventCategory "3"]

1. e4 d6 2. d4 Nf6 3. f3 Nbd7 4. c4 e5 5. d5 Be7 6. Be3 Nh5 7. Qd2 h6 8. Nh3
Nb6 9. g4 Bh4+ 10. Kd1 Nf4 11. c5 Nxh3 12. cxb6 Qf6 13. Kc2 Qxf3 14. Nc3 Qxg4
15. Be2 Qg6 16. bxa7 O-O 17. Bd3 Bd7 18. a4 Bg5 19. Rhe1 Rxa7 20. Rg1 Nxg1 21.
Rxg1 Raa8 22. Bxg5 hxg5 23. Rxg5 Qh6 24. Qg2 f6 25. Rg6 Qh7 26. h4 Be8 27. Rg3
g6 28. Be2 Kh8 29. b3 Rd8 30. Bg4 f5 31. Bf3 f4 32. Rh3 Qh6 33. Nd1 Bd7 34. Rh1
c6 35. dxc6 Rc8 36. Nf2 Rxc6+ 37. Kb1 Rfc8 38. Bg4 f3 39. Qxf3 Rc1+ 40. Ka2
R1c2+ 41. Ka3 Rxf2 42. Qxf2 Bxg4 43. Qf6+ Qg7 44. Qg5 Bh5 0-1

[Event "III. Sarkany-Aranytiz IM"]
[Site "Budapest"]
[Date "2012.08.20"]
[Round "3"]
[White "Galyas, Miklos"]
[Black "Kojima, Shinya"]
[Result "1-0"]
[WhiteElo "2412"]
[BlackElo "2282"]
[PlyCount "83"]
[EventDate "2012.08.18"]
[EventType "tourn"]
[EventRounds "9"]
[EventCountry "HUN"]
[EventCategory "3"]

1. d4 d5 2. Bg5 h6 3. Bh4 c6 4. e3 Qb6 5. b3 e5 6. Nf3 e4 7. Nfd2 Be7 8. Bg3
Nf6 9. c4 Bg4 10. Be2 Bxe2 11. Qxe2 O-O 12. O-O Qa6 13. Nc3 Nbd7 14. h3 Rac8
15. c5 Qxe2 16. Nxe2 a5 17. a3 b5 18. b4 a4 19. Nb1 Bd8 20. Nbc3 Bc7 21. Bxc7
Rxc7 22. Ng3 g6 23. f3 exf3 24. gxf3 Rd8 25. e4 Nf8 26. e5 Ne8 27. f4 Ne6 28.
Rad1 f5 29. exf6 Nxf6 30. f5 gxf5 31. Nxf5 h5 32. Rde1 Kf7 33. Nd6+ Ke7 34. Re2
Rg8+ 35. Kh2 Rg6 36. Rfe1 Kd7 37. Nf7 Nxd4 38. Ne5+ Kd8 39. Nxg6 Nf3+ 40. Kh1
Nxe1 41. Rxe1 Rg7 42. Ne5 1-0

[Event "III. Sarkany-Aranytiz IM"]
[Site "Budapest"]
[Date "2012.08.20"]
[Round "3"]
[White "Roos, Jean Luc"]
[Black "Feher, Adam"]
[Result "0-1"]
[WhiteElo "2270"]
[BlackElo "2346"]
[PlyCount "59"]
[EventDate "2012.08.18"]
[EventType "tourn"]
[EventRounds "9"]
[EventCountry "HUN"]
[EventCategory "3"]

1. e4 c5 2. Nc3 d6 3. g3 g6 4. Bg2 Bg7 5. d3 Nc6 6. f4 e5 7. Nh3 Nge7 8. O-O
Nd4 9. Be3 h5 10. Qd2 h4 11. Ng5 f6 12. Nf3 hxg3 13. hxg3 Bg4 14. Nd1 Qd7 15.
c3 Nxf3+ 16. Bxf3 O-O-O 17. Bg2 Nc6 18. Nf2 Be6 19. b4 cxb4 20. cxb4 Kb8 21.
Rab1 exf4 22. gxf4 Ne7 23. b5 b6 24. a4 d5 25. f5 gxf5 26. Bf4+ Kb7 27. a5 Ng6
28. a6+ Ka8 29. Nh3 fxe4 30. Nf2 0-1

[Event "III. Sarkany-Aranytiz IM"]
[Site "Budapest"]
[Date "2012.08.20"]
[Round "3"]
[White "Lyell, Mark"]
[Black "Szekeres, Robert"]
[Result "0-1"]
[WhiteElo "2225"]
[BlackElo "2337"]
[PlyCount "98"]
[EventDate "2012.08.18"]
[EventType "tourn"]
[EventRounds "9"]
[EventCountry "HUN"]
[EventCategory "3"]

1. e4 c5 2. Nf3 d6 3. Bb5+ Nd7 4. O-O Ngf6 5. d4 cxd4 6. Qxd4 e5 7. Qd3 h6 8.
c4 Be7 9. Rd1 O-O 10. Bxd7 Bxd7 11. Nc3 a6 12. Be3 Qc7 13. a4 Rfc8 14. Nd2 b6
15. b3 Qb7 16. f3 Rc7 17. Ndb1 Kh7 18. Nd5 Nxd5 19. Qxd5 Bc6 20. Qd3 Rd8 21.
Nc3 Qc8 22. Nd5 Rb7 23. Nxe7 Rxe7 24. Qxd6 Re6 25. Qb4 Rg6 26. Qd2 f5 27. Ra2
fxe4 28. fxe4 Qg4 29. Re1 Bxe4 30. Re2 Rf8 31. Qe1 Bf3 32. Rf2 Rf5 33. Bc1 Rd6
34. Rad2 Rd4 35. Rxd4 exd4 36. Qe6 Be4 37. h3 Qd1+ 38. Kh2 Rxf2 39. Qxe4+ Kg8
40. Ba3 Qc2 41. Qd5+ Kh7 42. a5 Rf5 43. Qb7 bxa5 44. Bd6 Qe2 45. c5 d3 46. c6
d2 47. c7 d1=Q 48. Qc6 Qe3 49. c8=Q Qdg1# 0-1

[Event "III. Sarkany-Aranytiz IM"]
[Site "Budapest"]
[Date "2012.08.21"]
[Round "4"]
[White "Teglas, Balazs"]
[Black "Szekeres, Robert"]
[Result "1/2-1/2"]
[WhiteElo "2247"]
[BlackElo "2337"]
[PlyCount "146"]
[EventDate "2012.08.18"]
[EventType "tourn"]
[EventRounds "9"]
[EventCountry "HUN"]
[EventCategory "3"]

1. d4 Nf6 2. Bf4 g6 3. e3 Bg7 4. h3 c5 5. c3 b6 6. Nf3 O-O 7. a4 Bb7 8. Be2 Nc6
9. O-O d6 10. Nbd2 Qc7 11. Bh2 Rfd8 12. Qb1 e5 13. Nc4 e4 14. Nfd2 Qe7 15. a5
d5 16. Ne5 Nxe5 17. Bxe5 Ne8 18. Bg3 f5 19. b4 c4 20. axb6 axb6 21. Qb2 h5 22.
Rxa8 Rxa8 23. Ra1 h4 24. Bh2 Qd8 25. Ra3 Bf8 26. Qa2 Nd6 27. Rxa8 Qxa8 28. Qxa8
Bxa8 29. Kf1 Bc6 30. Bd1 Bb5 31. Be5 Be7 32. g3 hxg3 33. fxg3 Bd7 34. h4 Kf7
35. Kf2 Be8 36. Nb1 Ke6 37. Kg2 Bf8 38. Kh3 Bc6 39. g4 Bh6 40. g5 Bf8 41. Kg2
Be7 42. Kf2 Be8 43. Ke2 Bd8 44. Kd2 Bd7 45. Kc1 Ne8 46. Nd2 Bc7 47. Bxc7 Nxc7
48. Nf1 f4 49. Bg4+ Ke7 50. Bxd7 Kxd7 51. exf4 Ne6 52. f5 gxf5 53. Ne3 Nf4 54.
Nxf5 Ke6 55. Ng3 Kf7 56. h5 Ke6 57. Kd2 Nh3 58. g6 Ng5 59. Ke3 Kf6 60. Nf5 Ne6
61. Nd6 Kg5 62. Nxe4+ dxe4 63. Kxe4 Ng7 64. Ke5 Nxh5 65. Kd5 Kxg6 66. Kxc4 Nf4
67. Kb5 Ne2 68. c4 Nxd4+ 69. Kxb6 Kf6 70. Kc7 Ke5 71. b5 Ne6+ 72. Kc6 Kd4 73.
Kd6 Nc5 1/2-1/2

[Event "III. Sarkany-Aranytiz IM"]
[Site "Budapest"]
[Date "2012.08.21"]
[Round "4"]
[White "Feher, Adam"]
[Black "Lyell, Mark"]
[Result "1/2-1/2"]
[WhiteElo "2346"]
[BlackElo "2225"]
[PlyCount "126"]
[EventDate "2012.08.18"]
[EventType "tourn"]
[EventRounds "9"]
[EventCountry "HUN"]
[EventCategory "3"]

1. e4 e5 2. Nf3 Nc6 3. Bb5 f5 4. Nc3 fxe4 5. Nxe4 Nf6 6. Nxf6+ Qxf6 7. Qe2 Be7
8. Bxc6 bxc6 9. d4 Qg6 10. O-O d6 11. Qc4 d5 12. Qc3 exd4 13. Nxd4 c5 14. Nb5
O-O 15. Nxc7 Rb8 16. Nxd5 Bd6 17. Qd3 Bf5 18. Qg3 Bxc2 19. Qxg6 Bxg6 20. b3 Bf7
21. Nc3 c4 22. Be3 Be5 23. Rac1 cxb3 24. axb3 Rxb3 25. Ne4 Rb7 26. Rfd1 Bb2 27.
Rc6 Bb3 28. Rd2 Ba3 29. h3 Bb4 30. Rd3 Ba4 31. Rc1 a5 32. Nc5 Bb5 33. Rd5 Rc7
34. Rb1 Bc4 35. Re5 Rfc8 36. Na4 Ba2 37. Ra1 Bb3 38. g3 Rc6 39. h4 h6 40. Kh2
Rc2 41. Rb5 Re2 42. Kg1 Rcc2 43. Rb8+ Kh7 44. Bd4 Bd5 45. Nb6 Bf3 46. Nd7 Ra2
47. Rf1 Red2 48. Nf8+ Bxf8 49. Rxf8 Rxd4 50. Rxf3 Rd7 51. Rc1 a4 52. Rc8 Rad2
53. Ra8 R2d4 54. Ra3 Rd2 55. R8xa4 Rf7 56. Rf4 Rxf4 57. gxf4 Rd4 58. Rf3 Kg6
59. Kg2 Kh5 60. f5 Rg4+ 61. Kf1 Kxh4 62. f6 gxf6 63. Rxf6 Kg5 1/2-1/2

[Event "III. Sarkany-Aranytiz IM"]
[Site "Budapest"]
[Date "2012.08.21"]
[Round "4"]
[White "Berczes, Csaba"]
[Black "Galyas, Miklos"]
[Result "1/2-1/2"]
[WhiteElo "2378"]
[BlackElo "2412"]
[PlyCount "30"]
[EventDate "2012.08.18"]
[EventType "tourn"]
[EventRounds "9"]
[EventCountry "HUN"]
[EventCategory "3"]

1. Nf3 c5 2. g3 Nc6 3. d4 cxd4 4. Nxd4 g6 5. Bg2 Bg7 6. Nxc6 bxc6 7. c4 Nf6 8.
O-O O-O 9. Nc3 Qa5 10. Bd2 Qh5 11. e4 Qxd1 12. Rfxd1 Ne8 13. Rac1 Nc7 14. b3
Ne6 15. Be3 f5 1/2-1/2

[Event "III. Sarkany-Aranytiz IM"]
[Site "Budapest"]
[Date "2012.08.22"]
[Round "5"]
[White "Brustkern, Juergen"]
[Black "Teglas, Balazs"]
[Result "1-0"]
[WhiteElo "2235"]
[BlackElo "2247"]
[PlyCount "73"]
[EventDate "2012.08.18"]
[EventType "tourn"]
[EventRounds "9"]
[EventCountry "HUN"]
[EventCategory "3"]

1. d4 c5 2. e3 e6 3. Nf3 Nf6 4. c4 b6 5. Nc3 Be7 6. Bd3 O-O 7. O-O Bb7 8. d5
exd5 9. cxd5 d6 10. e4 Na6 11. Re1 Re8 12. h3 Nc7 13. Bf4 a6 14. a4 Qd7 15. Qb3
Rab8 16. Bc4 Bf8 17. e5 b5 18. exf6 bxc4 19. Qxc4 Rxe1+ 20. Rxe1 Ba8 21. Qd3 g6
22. Re2 Rb3 23. Qd2 Qf5 24. Bh6 Bxh6 25. Qxh6 Qxf6 26. Ne4 Qg7 27. Qh4 Nxd5 28.
Nxc5 Rb8 29. Nxa6 Rc8 30. Kh2 Bb7 31. Nb4 g5 32. Qe4 g4 33. Nxd5 gxf3 34. Qxf3
Kf8 35. Qf5 Qd4 36. Nf4 Qc5 37. Ne6+ 1-0

[Event "III. Sarkany-Aranytiz IM"]
[Site "Budapest"]
[Date "2012.08.22"]
[Round "5"]
[White "Galyas, Miklos"]
[Black "Radnai, Adam"]
[Result "1-0"]
[WhiteElo "2412"]
[BlackElo "2300"]
[PlyCount "57"]
[EventDate "2012.08.18"]
[EventType "tourn"]
[EventRounds "9"]
[EventCountry "HUN"]
[EventCategory "3"]

1. d4 d5 2. c4 dxc4 3. e3 e5 4. Bxc4 exd4 5. exd4 Nf6 6. Nf3 Bd6 7. O-O O-O 8.
h3 h6 9. Nc3 Bf5 10. Ne5 Nc6 11. Bf4 Bb4 12. Qb3 Nxe5 13. Bxe5 Bxc3 14. bxc3
Rb8 15. Rfe1 b5 16. Bf1 Ne4 17. Qa3 Nd2 18. Qxa7 Nxf1 19. Bxc7 Ra8 20. Qc5 Qd7
21. Re7 Qc8 22. Rxf1 Bd3 23. Rfe1 Rxa2 24. d5 Qf5 25. R7e5 Qd7 26. d6 Ra6 27.
Re7 Rc6 28. Qd5 Bc4 29. Qf3 1-0

[Event "III. Sarkany-Aranytiz IM"]
[Site "Budapest"]
[Date "2012.08.22"]
[Round "5"]
[White "Lyell, Mark"]
[Black "Kojima, Shinya"]
[Result "1/2-1/2"]
[WhiteElo "2225"]
[BlackElo "2282"]
[PlyCount "116"]
[EventDate "2012.08.18"]
[EventType "tourn"]
[EventRounds "9"]
[EventCountry "HUN"]
[EventCategory "3"]

1. e4 e6 2. d4 d5 3. e5 c5 4. c3 Nc6 5. Nf3 Bd7 6. Be2 Nge7 7. Na3 cxd4 8. cxd4
Nf5 9. Nc2 Qb6 10. O-O Na5 11. Ne3 Nxe3 12. fxe3 Be7 13. Bd2 Bb5 14. Bxa5 Qxa5
15. Qd2 Qa6 16. Bxb5+ Qxb5 17. Rac1 O-O 18. Rc7 Bd8 19. Rc5 Qd7 20. Qd3 a6 21.
h4 h6 22. h5 Rc8 23. Rxc8 Qxc8 24. Rf2 Qc1+ 25. Kh2 f5 26. exf6 Qc7+ 27. g3
Rxf6 28. Rc2 Qf7 29. Ne5 Qxh5+ 30. Kg2 Be7 31. Rc8+ Rf8 32. g4 Qg5 33. Qg6 Qf6
34. Rxf8+ Bxf8 35. Qe8 Qe7 36. Qc8 Kh7 37. Nd7 Kg8 38. Ne5 Kh7 39. Nd7 Kg8 40.
Nxf8 Qxf8 41. Qxe6+ Qf7 42. Qe5 Qd7 43. Kf3 Kf7 44. Kf4 Qe6 45. Qc7+ Kf6 46.
Qxb7 Qe4+ 47. Kg3 Qxe3+ 48. Kg2 Qd2+ 49. Kg3 Qd3+ 50. Kg2 Qc4 51. b3 Qc2+ 52.
Kg3 Qd3+ 53. Kg2 Qe4+ 54. Kg3 Qe3+ 55. Kg2 Qd2+ 56. Kg3 Qc3+ 57. Kg2 Qa5 58.
Kg3 Qe1+ 1/2-1/2

[Event "III. Sarkany-Aranytiz IM"]
[Site "Budapest"]
[Date "2012.08.22"]
[Round "5"]
[White "Szekeres, Robert"]
[Black "Feher, Adam"]
[Result "0-1"]
[WhiteElo "2337"]
[BlackElo "2346"]
[PlyCount "78"]
[EventDate "2012.08.18"]
[EventType "tourn"]
[EventRounds "9"]
[EventCountry "HUN"]
[EventCategory "3"]

1. Nf3 Nf6 2. c4 e6 3. Nc3 d5 4. d4 c6 5. Bg5 h6 6. Bh4 dxc4 7. e4 g5 8. Bg3 b5
9. Be2 Bb7 10. h4 g4 11. Ne5 Nbd7 12. Bxg4 Rg8 13. Bf3 Rxg3 14. fxg3 Nxe5 15.
dxe5 Qxd1+ 16. Nxd1 Nd7 17. Ne3 Nxe5 18. Ke2 Bg7 19. Rab1 c5 20. g4 b4 21. g5
hxg5 22. hxg5 Ba6 23. Kf2 Rd8 24. Be2 Rd4 25. Rh4 Rd2 26. Ke1 Rd8 27. Ng4 Nd3+
28. Bxd3 cxd3 29. Nf6+ Ke7 30. Kd2 Bxf6 31. gxf6+ Kxf6 32. Rf1+ Ke5 33. Rh5+
Kd4 34. Rxf7 c4 35. Ra5 c3+ 36. bxc3+ bxc3+ 37. Kd1 Rb8 38. Ra4+ Bc4 39. Kc1
d2+ 0-1

[Event "III. Sarkany-Aranytiz IM"]
[Site "Budapest"]
[Date "2012.08.23"]
[Round "6"]
[White "Teglas, Balazs"]
[Black "Feher, Adam"]
[Result "0-1"]
[WhiteElo "2247"]
[BlackElo "2346"]
[PlyCount "100"]
[EventDate "2012.08.18"]
[EventType "tourn"]
[EventRounds "9"]
[EventCountry "HUN"]
[EventCategory "3"]

1. d4 d5 2. Bf4 c5 3. e3 Nc6 4. Nf3 cxd4 5. exd4 Bf5 6. c3 e6 7. Qb3 Qd7 8. Bb5
Bd6 9. Bxd6 Qxd6 10. Nbd2 Nge7 11. O-O O-O 12. Rfe1 Rab8 13. h3 h6 14. a4 Qc7
15. Qa3 b6 16. Ne5 Nxe5 17. dxe5 f6 18. g4 fxe5 19. gxf5 Rxf5 20. Re3 Rbf8 21.
Rf1 e4 22. c4 Rf4 23. cxd5 exd5 24. Qb3 Kh8 25. Be2 Qe5 26. Nf3 Qf6 27. Nh2
Rxf2 28. Rxf2 Qxf2+ 29. Kh1 Nf5 30. Ng4 Qe1+ 31. Kh2 Nxe3 32. Qxe3 h5 33. Bb5
Qxe3 34. Nxe3 d4 35. Nd1 Rc8 36. Kg3 g5 37. Nf2 e3 38. Nd3 Kg7 39. Kf3 Kf6 40.
Ke4 Rd8 41. Nb4 g4 42. hxg4 hxg4 43. Kf4 d3 44. Nxd3 e2 45. Ne1 Rd1 46. Bxe2
Rxe1 47. Bxg4 Rb1 48. Ke4 Rxb2 49. Kd5 Rc2 50. Kd6 a6 0-1

[Event "III. Sarkany-Aranytiz IM"]
[Site "Budapest"]
[Date "2012.08.23"]
[Round "6"]
[White "Radnai, Adam"]
[Black "Roos, Jean Luc"]
[Result "1-0"]
[WhiteElo "2300"]
[BlackElo "2270"]
[PlyCount "55"]
[EventDate "2012.08.18"]
[EventType "tourn"]
[EventRounds "9"]
[EventCountry "HUN"]
[EventCategory "3"]

1. e4 e6 2. d4 d5 3. Nc3 Bb4 4. a3 Bxc3+ 5. bxc3 dxe4 6. Qg4 Nf6 7. Qxg7 Rg8 8.
Qh6 Nbd7 9. a4 b6 10. Ne2 Bb7 11. Ng3 Rg6 12. Qh4 Rg4 13. Qh6 Rg6 14. Qh4 Rg4
15. Qh3 Rg6 16. Be2 Nf8 17. O-O Qd7 18. Qh4 h6 19. f3 exf3 20. Bxf3 Bxf3 21.
Rxf3 Ng8 22. c4 e5 23. Nf5 Ne6 24. Qe4 Rd8 25. d5 Nc5 26. Qxe5+ Kf8 27. Qh8 f6
28. Bxh6+ 1-0

[Event "III. Sarkany-Aranytiz IM"]
[Site "Budapest"]
[Date "2012.08.23"]
[Round "6"]
[White "Brustkern, Juergen"]
[Black "Galyas, Miklos"]
[Result "1/2-1/2"]
[WhiteElo "2235"]
[BlackElo "2412"]
[PlyCount "47"]
[EventDate "2012.08.18"]
[EventType "tourn"]
[EventRounds "9"]
[EventCountry "HUN"]
[EventCategory "3"]

1. d4 Nf6 2. c4 d6 3. Nc3 e5 4. d5 Nbd7 5. e4 Nc5 6. f3 a5 7. Be3 Be7 8. Qd2 g6
9. Nge2 h5 10. h4 Nfd7 11. g3 Nb6 12. Ng1 f5 13. O-O-O O-O 14. Nh3 Bd7 15. Bh6
Rf6 16. Be2 Qe8 17. Nf2 Ba4 18. Nxa4 Qxa4 19. b3 Qa3+ 20. Qb2 Qxb2+ 21. Kxb2
fxe4 22. Nxe4 Nxe4 23. fxe4 Rf2 24. Rde1 1/2-1/2

[Event "III. Sarkany-Aranytiz IM"]
[Site "Budapest"]
[Date "2012.08.24"]
[Round "7"]
[White "Galyas, Miklos"]
[Black "Teglas, Balazs"]
[Result "1-0"]
[WhiteElo "2412"]
[BlackElo "2247"]
[PlyCount "61"]
[EventDate "2012.08.18"]
[EventType "tourn"]
[EventRounds "9"]
[EventCountry "HUN"]
[EventCategory "3"]

1. d4 d5 2. c4 c6 3. Nc3 Nf6 4. e3 Bf5 5. cxd5 cxd5 6. Qb3 Bc8 7. Nf3 e6 8. Ne5
Be7 9. Bd3 O-O 10. O-O Nc6 11. f4 Nd7 12. Bd2 Ndxe5 13. fxe5 f5 14. exf6 Bxf6
15. Rf3 g6 16. Raf1 Bg7 17. Be1 Rxf3 18. Rxf3 Bd7 19. Bg3 Na5 20. Qc2 Qe7 21.
h4 Rf8 22. Rxf8+ Bxf8 23. Qf2 Bg7 24. Bf4 Bf6 25. h5 gxh5 26. Bd6 Qg7 27. Ne2
h4 28. Nf4 Qg3 29. Qe2 Bg5 30. Bxh7+ Kxh7 31. Qd3+ 1-0

[Event "III. Sarkany-Aranytiz IM"]
[Site "Budapest"]
[Date "2012.08.24"]
[Round "7"]
[White "Roos, Jean Luc"]
[Black "Brustkern, Juergen"]
[Result "1/2-1/2"]
[WhiteElo "2270"]
[BlackElo "2235"]
[PlyCount "35"]
[EventDate "2012.08.18"]
[EventType "tourn"]
[EventRounds "9"]
[EventCountry "HUN"]
[EventCategory "3"]

1. d4 Nf6 2. c4 g6 3. Nc3 Bg7 4. Nf3 O-O 5. g3 d6 6. Bg2 Nbd7 7. O-O e5 8. h3
Re8 9. Qc2 c6 10. e4 a5 11. Be3 exd4 12. Nxd4 Nc5 13. Rad1 Qe7 14. Rfe1 Nfd7
15. Kh2 h5 16. Nf3 Ne5 17. Nxe5 dxe5 18. Na4 1/2-1/2